000 00485nam a2200193Ia 4500
008 151121s9999||||xx |||||||||||||| ||und||
082 _a294।592 /RAW
082 _bHNW-67817
100 _aRawal A।N।
245 4 _aThe New Age Force Gayatri
260 _bB।V।B।Bombay।
260 _c--
300 _a54
600 _aRawal A।N।
630 _aThe New Age Force Gayatri
700 _aRawal A।N।
730 _aThe New Age Force Gayatri
942 _cBOOK
999 _c1249311
_d1249308